How many Rappers can you name? Quiz - Statistics

General Stats
  • This quiz has been taken 887 times
  • The average score is 72 of 500
Answer Stats
Hint Answer % Correct
Name: Drake
87%
Name: Eminem
87%
Name: 2pac
83%
Name: Kendrick Lamar
83%
Name: Notorious BIG
81%
Name: Kanye West
79%
Name: Lil Wayne
77%
Name: Nicki Minaj
75%
Name: Snoop Dogg
74%
Name: Travis Scott
74%
Name: Dr Dre
72%
Name: Lil B
72%
Name: Jay z
71%
Name: Ice Cube
70%
Name: Lil Uzi Vert
70%
Name: 50 Cent
68%
Name: Lil Nas X
68%
Name: Cardi B
66%
Name: XXXTentacion
66%
Name: Future
65%
Name: Juice Wrld
64%
Name: DaBaby
63%
Name: J Cole
63%
Name: Nas
63%
Name: ASAP Rocky
62%
Name: Lil Baby
61%
Name: Playboi Carti
60%
Name: Tyler The Creator
60%
Name: 21 Savage
59%
Name: Eazy E
53%
Name: Young Thug
51%
Name: Gunna
48%
Name: Diddy
47%
Name: Lil Durk
47%
Name: Offset
47%
Name: Andre 3000
46%
Name: Lil Peep
45%
Name: Quavo
44%
Name: Lil Pump
43%
Name: Megan Thee Stallion
43%
Name: Roddy Ricch
43%
Name: Pop Smoke
42%
Name: Lil Yachty
41%
Name: Rick Ross
41%
Name: Takeoff
41%
Name: King Von
40%
Name: Mac Miller
40%
Name: 6ix9ine
39%
Name: Don Toliver
39%
Name: Lil Tecca
39%
Name: Central Cee
38%
Name: Chief Keef
38%
Name: Ice Spice
38%
Name: Kid Cudi
38%
Name: P.O.S.
38%
Name: Pusha T
38%
Name: ASAP Ferg
37%
Name: Kodak Black
36%
Name: MF DOOM
35%
Name: T.I
35%
Name: DMX
34%
Name: JID
34%
Name: J.I.D.
34%
Name: Wiz Khalifa
34%
Name: NLE Choppa
33%
Name: Dave
32%
Name: Denzel Curry
32%
Name: Ken Carson
32%
Name: Lauryn Hill
32%
Name: Baby Keem
31%
Name: Gucci Mane
31%
Name: Polo G
31%
Name: Post Malone
31%
Name: Trippie Redd
31%
Name: Lil Tjay
30%
Name: Schoolboy Q
30%
Name: Ty Dolla Sign
30%
Name: 2 Chainz
29%
Name: Blu
29%
Name: RZA
29%
Name: Doja Cat
28%
Name: Ludacris
28%
Name: Rakim
28%
Name: Big Sean
27%
Name: Logic
27%
Name: Big Boi
26%
Name: Blueface
26%
Name: Chance the Rapper
26%
Name: Ghostface Killah
26%
Name: Glorilla
26%
Name: GZA
26%
Name: Lil Mosey
26%
Name: LL Cool J
26%
Name: Youngboy Never Broke Again
26%
Name: Busta Rhymes
25%
Name: Doechii
25%
Name: Jack Harlow
25%
Name: Lil Kim
25%
Name: Meek Mill
25%
Name: Method Man
25%
Name: Big Pun
24%
Name: Ice-T
24%
Name: Joey Badass
24%
Name: MC Ren
24%
Name: MGK
24%
Name: Nate Dogg
24%
Name: Pharrell Williams
24%
Name: Ski Mask the Slump God
24%
Name: Swae Lee
24%
Name: The Game
24%
Name: Yeat
24%
Name: Yuno Miles
24%
Name: Big L
23%
Name: Jay Rock
23%
Name: Lil Xan
23%
Name: Missy Elliott
23%
Name: Mos Def
23%
Name: Raekwon
23%
Name: YNW Melly
23%
Name: Common
22%
Name: DJ Khaled
22%
Name: Freddie Gibbs
22%
Name: Skepta
22%
Name: Childish Gambino
21%
Name: Fat Joe
21%
Name: T-Pain
21%
Name: Tyga
21%
Name: A Boogie Wit Da Hoodie
20%
Name: Lil Dicky
20%
Name: Nav
20%
Name: Q-Tip
20%
Name: Westside Gunn
20%
Name: Bad Bunny
19%
Name: G-Eazy
19%
Name: Ol Dirty Bastard
19%
Name: Redman
19%
Name: Sexyy Red
19%
Name: Tory Lanez
19%
Name: Fetty Wap
18%
Name: French Montana
18%
Name: Lupe Fiasco
18%
Name: Nelly
18%
Name: Prodigy
18%
Name: Soulja Boy
18%
Name: Ab-Soul
17%
Name: Coolio
17%
Name: Juicy J
17%
Name: Lil Skies
17%
Name: Will Smith
17%
Name: JPEGMafia
16%
Name: Lil Mabu
16%
Name: Macklemore
16%
Name: Scarface
16%
Name: Vince Staples
16%
Name: YG
16%
Name: AZ
15%
Name: Havoc
15%
Name: Ja Rule
15%
Name: Jeezy
15%
Name: Latto
15%
Name: Lil Jon
15%
Name: Pitbull
15%
Name: Slick Rick
15%
Name: Benny the Butcher
14%
Name: Danny Brown
14%
Name: Jadakiss
14%
Name: Killer Mike
14%
Name: Sheck Wes
14%
Name: Stormzy
14%
Name: Twista
14%
Name: Anderson Paak
13%
Name: Big Daddy Kane
13%
Name: Black Thought
13%
Name: CL
13%
Name: NF
13%
Name: Queen Latifah
13%
Name: Rich The Kid
13%
Name: Xzibit
13%
Name: 42 Dugg
12%
Name: Birdman
12%
Name: Cordae
12%
Name: Desiigner
12%
Name: E-40
12%
Name: Flo Rida
12%
Name: Ian
12%
Name: Inspectah Deck
12%
Name: KSI
12%
Name: MIKE
12%
Name: Warren G
12%
Name: Yung Lean
12%
Name: Aesop Rock
11%
Name: Bun B
11%
Name: Fivio Foreign
11%
Name: G Herbo
11%
Name: MC Hammer
11%
Name: SoFaygo
11%
Name: Talib Kweli
11%
Name: Tay-K
11%
Name: Tom Macdonald
11%
Name: Young Nudy
11%
Name: Bas
10%
Name: Iggy Azalea
10%
Name: J Dilla
10%
Name: Joyner Lucas
10%
Name: KRS-ONE
10%
Name: Kurupt
10%
Name: Proof
10%
Name: Rod Wave
10%
Name: U-God
10%
Name: Will.I.Am
10%
Name: 6lack
9%
Name: Cappadonna
9%
Name: Chuck D
9%
Name: DJ Yella
9%
Name: Kevin Gates
9%
Name: Little Simz
9%
Name: Moneybagg yo
9%
Name: Pooh Shiesty
9%
Name: Wale
9%
Name: 24kgoldn
8%
Name: Aitch
8%
Name: ASAP Ant
8%
Name: Camron
8%
Name: Eve
8%
Name: Foxy Brown
8%
Name: Fredo
8%
Name: Key Glock
8%
Name: Kyle
8%
Name: Lil Keed
8%
Name: Masta Killa
8%
Name: M.I.A.
8%
Name: No Malice
8%
Name: Quando Rondo
8%
Name: Teezo Touchdown
8%
Name: Waka Flocka Flame
8%
Name: Young Dolph
8%
Name: Bizarre
7%
Name: Coi Leray
7%
Name: Consequence
7%
Name: Daddy Yankee
7%
Name: DJ Premier
7%
Name: DMC
7%
Name: Domo Genesis
7%
Name: Guru
7%
Name: Joe Budden
7%
Name: Kid Laroi
7%
Name: Kool G Rap
7%
Name: Pimp C
7%
Name: Smokepurpp
7%
Name: Tech N9ne
7%
Name: The D.O.C.
7%
Name: Timbaland
7%
Name: Yo Gotti
7%
Name: Aj Tracey
6%
Name: Amine
6%
Name: ASAP Twelvvy
6%
Name: BBNO$
6%
Name: Bhad Bhabie
6%
Name: Dax
6%
Name: Fabolous
6%
Name: Grandmaster Flash
6%
Name: Immortal Technique
6%
Name: Lloyd Banks
6%
Name: MC Eiht
6%
Name: Nardo Wick
6%
Name: Nemzzz
6%
Name: Obie Trice
6%
Name: Remy Ma
6%
Name: Sleepy Hallow
6%
Name: Styles P
6%
Name: Yelawolf
6%
Name: B-Real
5%
Name: Dave Blunts
5%
Name: EL-P
5%
Name: Hopsin
5%
Name: Jay Electronica
5%
Name: Lefty Gunplay
5%
Name: MC Lyte
5%
Name: Paul Wall
5%
Name: Phife Dawg
5%
Name: Rico Nasty
5%
Name: Russ
5%
Name: Saba
5%
Name: Saweetie
5%
Name: Tee Grizzley
5%
Name: Tony Yayo
5%
Name: Too Short
5%
Name: Ugly God
5%
Name: Young M.A
5%
Name: Yung Gravy
5%
Name: Arabian Prince
4%
Name: Babytron
4%
Name: B.G.
4%
Name: Bow Wow
4%
Name: Chingy
4%
Name: Daz Dillinger
4%
Name: DD Osama
4%
Name: Dj Quik
4%
Name: GLC
4%
Name: Juvenile
4%
Name: Kid Ink
4%
Name: Krayzie Bone
4%
Name: Masta Ace
4%
Name: Master P
4%
Name: MC Ride
4%
Name: Nine
4%
Name: Pete Rock
4%
Name: Rapsody
4%
Name: Smino
4%
Name: Stunna 4 Vegas
4%
Name: Young Scooter
4%
Name: Afrika Bambaataa
3%
Name: Afroman
3%
Name: Cochise
3%
Name: Cupcakke
3%
Name: Dizzee Rascal
3%
Name: Gangsta Boo
3%
Name: Giggs
3%
Name: Headie One
3%
Name: IDK
3%
Name: J Hus
3%
Name: Jim Jones
3%
Name: Kano
3%
Name: Killah Priest
3%
Name: Layzie Bone
3%
Name: Lecrae
3%
Name: Lute
3%
Name: Mr Fantastik
3%
Name: North West
3%
Name: PSY
3%
Name: Redveil
3%
Name: Rich Brian
3%
Name: Sir-Mix-A-Lot
3%
Name: That MexicanOT
3%
Name: Trina
3%
Name: Vic Mensa
3%
Name: Young Buck
3%
Name: Ace Hood
2%
Name: Ari Lennox
2%
Name: Azchike
2%
Name: Baby Tate
2%
Name: Belly
2%
Name: Big Noyd
2%
Name: Big Scarr
2%
Name: Bizzy Bone
2%
Name: Bugzy Malone
2%
Name: Cassidy
2%
Name: CJ Fly
2%
Name: CL Smooth
2%
Name: Craig Mack
2%
Name: Currensy
2%
Name: Da Brat
2%
Name: DJ Kool Herc
2%
Name: Dody6
2%
Name: Dresta
2%
Name: Gold Link
2%
Name: Hanumankind
2%
Name: King T
2%
Name: Kurtis Blow
2%
Name: Lil Gotit
2%
Name: Lisa Lopes
2%
Name: Lord Finesse
2%
Name: Loyle Carner
2%
Name: Luh Tyler
2%
Name: Mac Dre
2%
Name: Mike Jones
2%
Name: Morray
2%
Name: Sean Price
2%
Name: Shock G
2%
Name: Shy Glizzy
2%
Name: Swizz Beats
2%
Name: Tierra Whack
2%
Name: Token
2%
Name: Trick Daddy
2%
Name: WC
2%
Name: Westside Boogie
2%
Name: Yung Joc
2%
Name: Aaron May
1%
Name: Adonis Graham
1%
Name: ASAP Nest
1%
Name: Baby Bash
1%
Name: Big 30
1%
Name: BixXThaPlug
1%
Name: Buckshot
1%
Name: Callboy
1%
Name: Cozz
1%
Name: Crooked I
1%
Name: Del the funky homosapien
1%
Name: Doctur Dot
1%
Name: Futuristic
1%
Name: Heavy D
1%
Name: Houdini
1%
Name: Hunxho
1%
Name: Illa J
1%
Name: Isaiah Rashid
1%
Name: JayDaYoungan
1%
Name: J-Kwon
1%
Name: Joell Ortiz
1%
Name: Johnny Venus
1%
Name: JT Money
1%
Name: Kairo Keyz
1%
Name: KayCyy
1%
Name: K Camp
1%
Name: Khia
1%
Name: Kid Capri
1%
Name: Kokane
1%
Name: Lil Flip
1%
Name: Lola Brooke
1%
Name: Lord Infamous
1%
Name: Magic
1%
Name: Masked Wolf
1%
Name: Maxo Kream
1%
Name: Memphis Leek
1%
Name: MS Dynamite
1%
Name: Mystikal
1%
Name: Nature
1%
Name: OJ Da Juiceman
1%
Name: Omen
1%
Name: Open Mike Eagle
1%
Name: Papoose
1%
Name: Peysoh
1%
Name: Problem
1%
Name: Rah Digga
1%
Name: Ras Kass
1%
Name: Rhymefest
1%
Name: Rich boy
1%
Name: Riff Raff
1%
Name: Robb Banks
1%
Name: Rocko
1%
Name: Rubi Rose
1%
Name: Saigon
1%
Name: Sheek Louch
1%
Name: Skyzoo
1%
Name: Slowthai
1%
Name: Spotemgottem
1%
Name: Staysolidrocky
1%
Name: Strandz
1%
Name: The Rizzler
1%
Name: Trip Lee
1%
Name: Wallie the sensei
1%
Name: Webbie
1%
Name: Willie D
1%
Name: Yasin
1%
Name: Youngthreat
1%
Name: Yung Bleu
1%
Name: Apathy
0%
Name: Azad
0%
Name: Babyface Rae
0%
Name: Big Justice
0%
Name: Bishop Nehru
0%
Name: Buddy
0%
Name: Cage
0%
Name: Cash Kidd
0%
Name: Craig G
0%
Name: Dee Billz
0%
Name: Diabolic
0%
Name: Drag-On
0%
Name: Dreezy
0%
Name: Droop-E
0%
Name: Duke Deuce
0%
Name: Fat Nick
0%
Name: Frenchie
0%
Name: Gorilla Zoe
0%
Name: Grieves
0%
Name: Haystak
0%
Name: Heems
0%
Name: Hurricane Chris
0%
Name: Indo G
0%
Name: Jidenna
0%
Name: J-Live
0%
Name: J.R Writer
0%
Name: Kid-Frost
0%
Name: Kirko Bangz
0%
Name: Kitty
0%
Name: La Reezy
0%
Name: Mac Mall
0%
Name: MC Jin
0%
Name: MC Solar
0%
Name: Mike Dimes
0%
Name: Mike Ladd
0%
Name: Milo
0%
Name: Mozzy
0%
Name: Mr Lif
0%
Name: Oddisee
0%
Name: Pippotchi
0%
Name: Pozer
0%
Name: Rittz
0%
Name: Rockie Fresh
0%
Name: Rye Rye
0%
Name: Sage Francis
0%
Name: Saul Williams
0%
Name: Skiifall
0%
Name: Spider Loc
0%
Name: Termanology
0%
Name: Tim Dog
0%
Name: Truththebull
0%
No matching quizzes found
Score Distribution
Percent of People with Each Score
Percentile by Number Answered
Your Score History
You have not taken this quiz